LEADER 00707naa a2200145 i 4500 001 000000302146 003 CaOOAMICUS 005 20180831172735.0 008 180831n xx u000 u und u 013 $a9881 040 $aSeMil$bita 100 1 $aBellman Nerozzi, Patrizia.$0(OLS)http://semarc/name/86761 245 10$a«Victoria» (1849), l'utopia del perbenismo :$buna cittą modello o della letteratura. 773 0 $tStudi di letteratura francese.$dFirenze : Leo S. Olschki, 1985.$kBiblioteca dell'Archivum romanicum. Serie 1., Storia, letteratura, paleografia$z88-222-3311-5$w()35940 996 $6245$a«Victoria» (1849), l'utopia del perbenismo :$buna cittą modello o della letteratura$9(OLS)http://semarc/title/378130 LEADER 00815nam a2200205 i 4500 001 000000179709 003 CaOOAMICUS 005 20090521000000.0 008 090521s1905 it u000 u ita u 013 $a157315 040 $aSeMil$bita 245 13$aLa separazione dello stato dalla Chiesa in Francia. 260 $aRoma :$bTipografia Vaticana,$c1905. 300 $a271 p. ;$c25 cm. 500 $aIn mezzo al front : Esposizione documentata. 650 4$aChiesa e Stato - Francia - Sec. 19.$0(OLS)http://semarc/subject/11858 850 $aSeMil 852 $aSeMil$W1$xVenegono$y1$m3B IV 54$j130469$B130469$CSeMilBibl$Z2$F141905 $81 996 $6245$aLa separazione dello stato dalla Chiesa in Francia$9(OLS)http://semarc/title/258029 996 $6260$aRoma :$bTipografia Vaticana$9(OLS)http://semarc/publisher/30672